000 00647nam a22002057a 4500
005 20251108172143.0
008 250721s1979 xx 000 0 ara d
082 1 4 _aط/ق/دار
100 1 _aداربوا، دومينيك
245 1 0 _aنوريكو اليابانية الصغير /
264 1 _aتونس :
_bالشركة التونسية،
_c1979.
300 _a46ص : مص
490 0 _aسلسلة أطفال العالم
650 1 7 _aأدب الأطفال
650 1 7 _aالقصص
650 1 7 _aالأدب المترجم
710 2 _aالشركة التونسية للتوزيع
_eجامع
942 _2ddc
_cBK
999 _c71782
_d71782